Entrepreneurship policy : (Record no. 17764)
[ view plain ]
| 000 -LEADER | |
|---|---|
| fixed length control field | 00812cam a2200229 a 4500 |
| 001 - CONTROL NUMBER | |
| control field | 14010442 |
| 005 - DATE AND TIME OF LATEST TRANSACTION | |
| control field | 20131117103620.0 |
| 008 - FIXED-LENGTH DATA ELEMENTS--GENERAL INFORMATION | |
| fixed length control field | 050621s2005 nyua b 001 0 eng d |
| 020 ## - INTERNATIONAL STANDARD BOOK NUMBER | |
| International Standard Book Number | 038724140X |
| 040 ## - CATALOGING SOURCE | |
| Original cataloging agency | FXN |
| Transcribing agency | FXN |
| Modifying agency | OHX |
| -- | DLC |
| 082 00 - DEWEY DECIMAL CLASSIFICATION NUMBER | |
| Classification number | 354.2 |
| Edition number | 22 |
| Item number | LUN |
| 100 1# - MAIN ENTRY--PERSONAL NAME | |
| Personal name | Lundstrom, Anders, |
| Dates associated with a name | 1946- |
| 9 (RLIN) | 34478 |
| 245 10 - TITLE STATEMENT | |
| Title | Entrepreneurship policy : |
| Remainder of title | theory and practice / |
| Statement of responsibility, etc | by Anders Lundstrom, Lois Stevenson. |
| 260 ## - PUBLICATION, DISTRIBUTION, ETC. (IMPRINT) | |
| Place of publication, distribution, etc | New York : |
| Name of publisher, distributor, etc | Springer, |
| Date of publication, distribution, etc | c2005. |
| 300 ## - PHYSICAL DESCRIPTION | |
| Extent | xiv, 310 p. : |
| Other physical details | ill. ; |
| Dimensions | 25 cm. |
| 440 #0 - | |
| -- | International studies in entrepreneurship ; |
| -- | 9 |
| -- | 34479 |
| 504 ## - BIBLIOGRAPHY, ETC. NOTE | |
| Bibliography, etc | Includes bibliographical references (p. [287]-302) and index. |
| 650 #0 - SUBJECT ADDED ENTRY--TOPICAL TERM | |
| Topical term or geographic name as entry element | Entrepreneurship |
| General subdivision | Government policy. |
| 9 (RLIN) | 34480 |
| 653 ## - INDEX TERM--UNCONTROLLED | |
| Resource For college | |
| Arrived date list | November2013 |
| 700 1# - ADDED ENTRY--PERSONAL NAME | |
| Personal name | Stevenson, Lois. |
| 9 (RLIN) | 34382 |
| 942 ## - ADDED ENTRY ELEMENTS (KOHA) | |
| Source of classification or shelving scheme | Dewey Decimal Classification |
| Item type | Book - Borrowing |
| Call number prefix | 354.2 LUN |
| Withdrawn status | Item status | Source of classification or shelving scheme | Damaged status | Not for loan | Vendor | Home library | Current library | Shelving location | Date acquired | Source of acquisition | Total Checkouts | Full call number | Barcode | Date last seen | Date last borrowed | Koha item type |
|---|---|---|---|---|---|---|---|---|---|---|---|---|---|---|---|---|
| Dewey Decimal Classification | Baccah | Central Library | Central Library | First floor | 17/11/2013 | 1 | 354.2 LUN | 000035091 | 15/07/2025 | 28/11/2016 | Book - Borrowing | |||||
| Dewey Decimal Classification | Baccah | Central Library | Central Library | First floor | 17/11/2013 | 354.2 LUN | 000035092 | 15/07/2025 | Book - Borrowing | |||||||
| Dewey Decimal Classification | Baccah | Central Library | Central Library | First floor | 17/11/2013 | 354.2 LUN | 000035093 | 15/07/2025 | Book - Borrowing |